Soñando a Goethe en primavera (Record no. 49347)

MARC details
000 -LEADER
campo de control de longitud fija 00534nam a2200169 i 4500
001 - NÚMERO DE CONTROL
campo de control 49347
003 - IDENTIFICADOR DE NÚMERO DE CONTROL
campo de control ES-MaACL
005 - FECHA Y HORA DE LA ÚLTIMA TRANSACCIÓN
campo de control 20230906161930.0
007 - CAMPO FIJO DE DESCRIPCIÓN FÍSICA--INFORMACIÓN GENERAL
campo de control de longitud fija t|
008 - DATOS DE LONGITUD FIJA--INFORMACIÓN GENERAL
campo de control de longitud fija 030714s1985 sp ||||1| spa d
100 1# - ENTRADA PRINCIPAL--NOMBRE DE PERSONA
Nombre de persona Cortezón, Daniel (
Fechas asociadas al nombre 1927-2009)
9 (RLIN) 40926
245 10 - MENCIÓN DEL TÍTULO
Título Soñando a Goethe en primavera
Resto del título : (tragicomedia erudita) /
Mención de responsabilidad, etc. Daniel Cortezón.
260 ## - PUBLICACIÓN, DISTRIBUCIÓN, ETC.
Lugar de publicación, distribución, etc. Madrid :
Nombre del editor, distribuidor, etc. [s.n.],
Fecha de publicación, distribución, etc. 1985 (
Lugar de fabricación/manufactura Madrid :
Fabricante Fenix)
300 ## - DESCRIPCIÓN FÍSICA
Extensión 105 p. ;
Dimensiones 21 cm.
500 ## - NOTA GENERAL
Nota general Dedicatoria autógrafa del autor.
852 ## - LOCALIZACIÓN
Ubicación ES-MaACL
Número de control de estantería L-11532
Sublocalización o colección R.111492
Holdings
Estatus retirado Estado de pérdida Estado de daño No para préstamo Biblioteca de origen Biblioteca actual Ubicación en estantería Fecha de adquisición Fuente de adquisición Total de préstamos Signatura topográfica completa Código de barras Visto por última vez Precio de reemplazo Tipo de ítem Koha
        Biblioteca del Ateneo de Madrid Biblioteca del Ateneo de Madrid Depósito 2 17/01/2008     L-11532 1051925 23/02/2023 23/02/2023 Libro impreso